El marinero Torpedista (Record no. 152409)

MARC details
000 -LEADER
campo de control de longitud fija 00784nam a2200169 i 4500
001 - NÚMERO DE CONTROL
campo de control 152409
003 - IDENTIFICADOR DE NÚMERO DE CONTROL
campo de control ES-MaACL
005 - FECHA Y HORA DE LA ÚLTIMA TRANSACCIÓN
campo de control 20230906204727.0
008 - DATOS DE LONGITUD FIJA--INFORMACIÓN GENERAL
campo de control de longitud fija 931025s1886 sp a |||| | spa d
100 1# - ENTRADA PRINCIPAL--NOMBRE DE PERSONA
Nombre de persona Borja y Goyeneche, Joaquín de.
9 (RLIN) 30507
245 13 - MENCIÓN DEL TÍTULO
Título El marinero Torpedista
Resto del título : breve recopilacion de las principales ideas sobre torpedos : redactadas para uso del marinero /
Mención de responsabilidad, etc. por Joaquín de Borja y Goyeneche.
260 ## - PUBLICACIÓN, DISTRIBUCIÓN, ETC.
Lugar de publicación, distribución, etc. Barcelona :
Nombre del editor, distribuidor, etc. [s.n.],
Fecha de publicación, distribución, etc. 1886 (
Fabricante Imp. de Luis de Tasso y Serra)
300 ## - DESCRIPCIÓN FÍSICA
Extensión 192 p. :
Otras características físicas il. ;
Dimensiones 22 cm.
599 ## - NOTA A LAS ILUSTRACIONES
NOTA A LAS ILUSTRACIONES Numerosas il. a lo largo del texto representando elementos electromagnéticos y marítimos.
650 #4 - PUNTO DE ACCESO ADICIONAL DE MATERIA--TÉRMINO DE MATERIA
Término de materia o nombre geográfico como elemento de entrada Torpedos.
9 (RLIN) 147966
852 ## - LOCALIZACIÓN
Ubicación ES-MaACL
Número de control de estantería T-850-F-3
Nota libre -- Enc. hol., conservando la cub. original
-- -- Enc. en un vol. facticio
Holdings
Estatus retirado Estado de pérdida Estado de daño No para préstamo Colección Biblioteca de origen Biblioteca actual Ubicación en estantería Fecha de adquisición Total de préstamos Signatura topográfica completa Código de barras Visto por última vez Precio de reemplazo Tipo de ítem Koha
        Colección de folletos Biblioteca del Ateneo de Madrid Biblioteca del Ateneo de Madrid Depósito folletos 17/01/2008   T-850-F-3 1159141 23/02/2023 23/02/2023 Folleto